000 00574nam a2200157 a 4500
001 000036268
005 20200930075634.0
008 120112s1977 ja a 000 0 eng d
245 0 0 _aJapan and its nature /
_cedited by Masao Minato ; traslator for English edition Reiko Fusejima.
260 _aTokio :
_bHeibonsha : The Association for Geological Collaboration in Japan,
_c1977.
300 _a220 p. :
_bil. ;
_c27 cm.
651 4 _aJapón
_xRecursos Naturales
_962379
700 1 _aMinato, Masao,
_eed.
_962380
700 1 _aFusejima, Reiko,
_etrad.
_962381
999 _c35759
_d35759
040 _aDO-SdBNP